[Event "AUTO-MASTER-1067"]
[Site "http://www.queenalice.com/game.php?id=744295"]
[Date "2010.3.10"]
[Round "1"]
[White "matadourodepeixes"]
[Black "capaputi"]
[Result "0-1"]
[WhiteElo "2112"]
[BlackElo "2177"]

1. d4 Nf6 2. c4 c6 3. Nf3 d5 4. e3 Bg4 5. Nc3 e6 6. h3 Bh5 7. Bd3 Nbd7 8. O-O
Bd6 9. c5 Bc7 10. Be2 O-O 11. Ne1 Bxe2 12. Qxe2 e5 13. a3 Re8 14. Qd3 e4 15. Qe2
Nf8 16. f4 exf3 17. Nxf3 Ng6 18. Qf2 b6 19. b4 a5 20. Bb2 b5 21. Nd2 axb4 22.
axb4 Rxa1 23. Bxa1 Bb8 24. Re1 Nh5 25. Nf1 Nf6 26. Bb2 Ne4 27. Nxe4 Rxe4 28. Ng3
Bxg3 29. Qxg3 Re6 30. Ra1 h6 31. Ra7 Qe8 32. Bc1 Nf8 33. Qc7 g5 34. Rb7 Kg7 35.
Rb8 Qe7 36. Qc8 Ng6 37. Qg8+ Kf6 38. Kf2 Kf5 39. Ke2 Ke4 40. Ra8 Nf4+ 0-1

[Event "AUTO-OPEN-1876"]
[Site "http://www.queenalice.com/game.php?id=813123"]
[Date "2010.8.4"]
[Round "2"]
[White "ylisavbots"]
[Black "matadourodepeixes"]
[Result "0-1"]
[WhiteElo "2264"]
[BlackElo "2120"]

1. Nf3 Nf6 2. g3 g6 3. Bg2 Bg7 4. O-O O-O 5. c4 c6 6. d4 d5 7. cxd5 cxd5 8. Ne5
Nc6 9. Nxc6 bxc6 10. Bf4 Nh5 11. Be3 f5 12. Qc1 Qb6 13. Rd1 Ba6 14. Nc3 f4 15.
gxf4 Nf6 16. Bh3 Bc8 17. Bxc8 Raxc8 18. f3 Nh5 19. Rd3 Qb8 20. Na4 Nxf4 21. Bxf4
Rxf4 22. Qd2 e5 23. Nc5 exd4 24. Rf1 Bh6 25. e3 dxe3 26. Qe2 Re8 27. Rc3 d4 28.
Rc2 Qb5 29. Nd3 Rf5 30. b3 Bf8 31. Rc4 Qd5 32. Ne1 Bd6 33. Rc2 Rg5+ 34. Kh1 Rh5
35. Qc4 Qxc4 36. bxc4 e2 37. Rf2 d3 38. Rb2 Bg3 39. Kg1 Bxf2+ 40. Kxf2 Rxh2+ 41.
Kg1 Rh4 42. Rd2 Rb8 43. Nxd3 Rb1+ 0-1

[Event "AUTO-OPEN-1876"]
[Site "http://www.queenalice.com/game.php?id=813124"]
[Date "2010.8.4"]
[Round "2"]
[White "matadourodepeixes"]
[Black "ylisavbots"]
[Result "1-0"]
[WhiteElo "2084"]
[BlackElo "2270"]

1. d4 f5 2. Nf3 Nf6 3. c4 e6 4. a3 Be7 5. Nc3 O-O 6. e3 b6 7. Bd3 Bb7 8. O-O Ne4
9. Ne2 a5 10. Qc2 Bf6 11. Rb1 a4 12. Ne1 c5 13. f3 Nd6 14. dxc5 bxc5 15. Nc3 Bc6
16. Bd2 Nf7 17. f4 g6 18. e4 Bd4+ 19. Kh1 d6 20. Nf3 Bg7 21. Rbd1 Nd7 22. exf5
gxf5 23. Rde1 Re8 24. Ne2 Rb8 25. Bc3 Bxc3 26. Nxc3 Qa5 27. Re3 Qa8 28. Rfe1 Nf8
29. Nh4 Nh6 30. Rg3+ Kf7 31. Nb5 Bxb5 32. cxb5 Ng6 33. Nf3 Kg8 34. h4 c4 35.
Qxc4 Qd5 36. Qxd5 exd5 37. Rxe8+ Rxe8 38. h5 1-0

[Event "AUTO-OPEN-1876"]
[Site "http://www.queenalice.com/game.php?id=813129"]
[Date "2010.8.4"]
[Round "2"]
[White "toin"]
[Black "matadourodepeixes"]
[Result "0-1"]
[WhiteElo "1585"]
[BlackElo "2110"]

1. d4 Nf6 2. Bg5 Ne4 3. Bf4 d6 4. h3 g6 5. Nd2 Nf6 6. Bg5 Bg7 7. c3 Nbd7 8. e3
h6 9. Bh4 c6 10. Bd3 Qc7 11. Ne4 Nxe4 12. Bxe4 d5 13. Bf3 e5 14. Bg3 Qb6 15. Qc2
e4 16. Bg4 f5 17. Be2 O-O 18. h4 c5 19. Bf4 Qc6 0-1

[Event "AUTO-OPEN-1876"]
[Site "http://www.queenalice.com/game.php?id=813130"]
[Date "2010.8.4"]
[Round "2"]
[White "matadourodepeixes"]
[Black "toin"]
[Result "1-0"]
[WhiteElo "2111"]
[BlackElo "1583"]

1. d4 h6 2. e4 d5 3. e5 Bf5 4. Bd3 Bxd3 5. Qxd3 a6 6. Ne2 e6 7. O-O Nc6 8. c3
Be7 9. f4 g6 10. Nd2 Qd7 11. b3 b5 12. Bb2 b4 13. c4 h5 14. cxd5 Qxd5 15. Rac1
Bd8 16. Rc5 Qd7 17. Qe4 Nge7 18. Rfc1 a5 19. Rxc6 1-0

[Event "AUTO-OPEN-1874"]
[Site "http://www.queenalice.com/game.php?id=822526"]
[Date "2010.8.24"]
[Round "2"]
[White "magrella"]
[Black "matadourodepeixes"]
[Result "1-0"]
[WhiteElo "1848"]
[BlackElo "2102"]

1. e4 c6 2. Nf3 d5 3. e5 Bf5 4. d4 h6 5. Bd3 Qc8 6. Bxf5 Qxf5 7. c3 Qd7 8. O-O
e6 9. Be3 Ne7 10. Nbd2 Na6 11. a4 Nf5 12. Bf4 Ne7 13. b4 Ng6 14. Bg3 Be7 15. Qe2
h5 16. h3 h4 17. Bh2 O-O 18. Kh1 Rfe8 19. g3 Qd8 20. Rg1 hxg3 21. Rxg3 Nb8 22.
Rg4 a5 23. b5 cxb5 24. Qxb5 Ra6 25. Rag1 Bf8 26. h4 Rb6 27. Qd3 1-0

[Event "AUTO-OPEN-1874"]
[Site "http://www.queenalice.com/game.php?id=822527"]
[Date "2010.8.24"]
[Round "2"]
[White "matadourodepeixes"]
[Black "magrella"]
[Result "1-0"]
[WhiteElo "2076"]
[BlackElo "1888"]

1. d4 c6 2. e4 d5 3. Nc3 e6 4. Nf3 Nf6 5. e5 Nfd7 6. Be3 h6 7. Be2 Bb4 8. O-O
Bxc3 9. bxc3 b5 10. a4 Qc7 11. axb5 cxb5 12. Bxb5 Qxc3 13. Bd2 Qc7 14. c4 a6 15.
cxd5 exd5 16. Ba5 Qb7 17. Ba4 O-O 18. Rb1 Qa7 19. Qb3 Nxe5 20. Nxe5 Qxd4 21. Nc6
Nxc6 22. Bxc6 Rb8 23. Qxb8 Qf6 24. Bxd5 Qg6 25. Rfe1 Be6 26. Qe5 Bf5 27. Rb6 Qg5
28. h4 Qg4 29. Bc3 Kh7 30. Bf3 1-0

[Event "AUTO-OPEN-1874"]
[Site "http://www.queenalice.com/game.php?id=822532"]
[Date "2010.8.24"]
[Round "2"]
[White "matadourodepeixes"]
[Black "matamuff"]
[Result "0-1"]
[WhiteElo "2122"]
[BlackElo "1851"]

1. Nf3 g6 2. d4 Bg7 3. e4 c6 4. c3 d6 5. Bd3 Bg4 6. h3 Bxf3 7. Qxf3 Nf6 8. O-O
O-O 9. Bg5 e5 10. Nd2 Nbd7 11. Rfd1 Qc7 12. b3 b5 13. Rdc1 a6 0-1

[Event "AUTO-OPEN-1874"]
[Site "http://www.queenalice.com/game.php?id=822533"]
[Date "2010.8.24"]
[Round "2"]
[White "matamuff"]
[Black "matadourodepeixes"]
[Result "1-0"]
[WhiteElo "1822"]
[BlackElo "2144"]

1. Nf3 c5 2. b3 Nf6 3. Bb2 e6 4. c4 d5 5. e3 Nc6 6. Nc3 a6 7. d4 cxd4 8. Nxd4
Bb4 9. Bd3 Qa5 10. Ne2 dxc4 11. Bxc4 b5 12. a3 Be7 13. b4 Qc7 14. Bd3 1-0

[Event "AUTO-OPEN-1875"]
[Site "http://www.queenalice.com/game.php?id=825792"]
[Date "2010.8.31"]
[Round "2"]
[White "matadourodepeixes"]
[Black "kamikaze"]
[Result "1-0"]
[WhiteElo "2105"]
[BlackElo "1962"]

1. d4 d5 2. c4 c6 3. e3 Bf5 4. Nc3 e6 5. Nf3 Nf6 6. Bd3 Bg4 7. h3 Bh5 8. Qb3 b6
9. Ne5 Be7 10. cxd5 cxd5 11. Bb5+ Kf8 12. a4 a6 13. Bd3 Bg6 14. Be2 Qc7 15. Bd2
Nbd7 16. Nxg6+ fxg6 17. Rc1 Qb7 18. e4 Kf7 19. exd5 Nxd5 20. O-O Rhf8 21. Rce1
Kg8 22. Bf3 Rxf3 23. gxf3 Nc7 24. Bf4 Nf8 25. a5 b5 26. d5 Nxd5 27. Nxd5 exd5
28. Rxe7 1-0

[Event "AUTO-OPEN-1875"]
[Site "http://www.queenalice.com/game.php?id=825793"]
[Date "2010.8.31"]
[Round "2"]
[White "kamikaze"]
[Black "matadourodepeixes"]
[Result "0-1"]
[WhiteElo "1952"]
[BlackElo "2113"]

1. d4 Nf6 2. c4 e6 3. a3 d5 4. cxd5 exd5 5. e3 Be7 6. Bd3 c6 7. h3 Nbd7 8. Nf3
h6 9. Nc3 O-O 10. O-O Bd6 11. Bd2 Re8 12. Rc1 Nf8 13. Ne2 Ne4 14. Bc3 f5 15. Bb4
Bc7 16. a4 Ne6 17. Be1 Bd6 18. b4 f4 19. exf4 Nxf4 20. Nxf4 Bxf4 21. Bd2 Nxd2
22. Nxd2 Bxh3 23. gxh3 Qg5+ 24. Qg4 Bxd2 25. Qxg5 hxg5 26. Rb1 Bc3 27. Rfd1 Bxd4
28. Bg6 Re6 29. Bf5 Rf6 0-1

[Event "AUTO-OPEN-1875"]
[Site "http://www.queenalice.com/game.php?id=825794"]
[Date "2010.8.31"]
[Round "2"]
[White "matadourodepeixes"]
[Black "pavol1090321"]
[Result "1-0"]
[WhiteElo "2102"]
[BlackElo "1837"]

1. d4 d5 2. c4 dxc4 3. Nf3 f6 4. Nc3 Nd7 5. Qa4 e6 6. e4 c6 7. Qxc4 Nb6 8. Qb3
Bd6 9. a4 a5 10. Be3 Ne7 11. d5 exd5 12. Bxb6 Qd7 13. Bd3 O-O 14. O-O-O 1-0

[Event "AUTO-OPEN-1875"]
[Site "http://www.queenalice.com/game.php?id=825795"]
[Date "2010.8.31"]
[Round "2"]
[White "pavol1090321"]
[Black "matadourodepeixes"]
[Result "0-1"]
[WhiteElo "1832"]
[BlackElo "2106"]

1. e4 c6 2. Nc3 d5 3. d4 dxe4 4. Nxe4 Bf5 5. Qf3 Bxe4 6. Qxe4 Nf6 7. Qf3 Qxd4 8.
Bd3 Nbd7 9. Ne2 Qb6 10. O-O e5 11. b3 Bd6 12. Be3 Qc7 13. Bf5 g6 14. Bxd7+ Nxd7
15. Rad1 O-O 0-1

[Event "AUTO-OPEN-1876"]
[Site "http://www.queenalice.com/game.php?id=946367"]
[Date "2011.6.5"]
[Round "3"]
[White "matadourodepeixes"]
[Black "TheBigSid"]
[Result "1-0"]
[WhiteElo "2173"]
[BlackElo "2116"]

1. d4 Nf6 2. Nf3 e6 3. e3 b6 4. Be2 Bb7 5. O-O Be7 6. c4 O-O 7. Nc3 Ne4 8. Nxe4
Bxe4 9. Nd2 f5 10. f3 Bb7 11. Qc2 d6 12. Nb3 Nd7 13. Bd2 a5 14. d5 e5 15. a4 g5
16. Bd3 f4 17. Bxh7+ Kh8 18. Bf5 Nf6 19. Rfe1 Qe8 20. Bg6 Qd7 21. Bf5 Qe8 22.
Bg6 Qd7 23. Bf5 Qd8 24. Nc1 Rg8 25. Nd3 g4 26. fxg4 Nxg4 27. exf4 exf4 28. Nxf4
Ne5 29. Ra3 Bg5 30. Rh3+ Kg7 31. Ne6+ 1-0

[Event "AUTO-OPEN-1876"]
[Site "http://www.queenalice.com/game.php?id=946368"]
[Date "2011.6.5"]
[Round "3"]
[White "TheBigSid"]
[Black "matadourodepeixes"]
[Result "0-1"]
[WhiteElo "2127"]
[BlackElo "2162"]

1. d4 d5 2. c4 e6 3. Nc3 Nf6 4. e3 c6 5. Nf3 Bb4 6. Qc2 Nbd7 7. Bd3 b6 8. O-O h6
9. b3 O-O 10. Bb2 Bb7 11. Rac1 Qe7 12. Ne5 Nxe5 13. dxe5 Ng4 14. Ne2 Qc7 15. a3
Be7 16. Qc3 f6 17. exf6 Qxh2# 0-1

[Event "AUTO-MASTER-1058"]
[Site "http://www.queenalice.com/game.php?id=950800"]
[Date "2011.6.16"]
[Round "2"]
[White "Corinthiano_SP"]
[Black "matadourodepeixes"]
[Result "1-0"]
[WhiteElo "2419"]
[BlackElo "2200"]

1. f4 d6 2. e4 e5 3. d4 exf4 4. Bxf4 Nf6 5. Bd3 Be7 6. Nf3 Nh5 7. Be3 g6 8. O-O
Ng7 9. Nbd2 O-O 10. c3 f5 11. Qc2 f4 12. Bf2 1-0

[Event "AUTO-MASTER-1058"]
[Site "http://www.queenalice.com/game.php?id=950801"]
[Date "2011.6.16"]
[Round "2"]
[White "matadourodepeixes"]
[Black "Corinthiano_SP"]
[Result "0-1"]
[WhiteElo "2206"]
[BlackElo "2415"]

1. f4 d6 2. Nf3 Nc6 3. e4 e5 4. d3 Nf6 5. Nc3 Bg4 6. Be2 Be7 7. O-O h6 8. Be3
O-O 9. h3 Bc8 10. Qd2 Re8 11. d4 exd4 0-1

[Event "AUTO-MASTER-1058"]
[Site "http://www.queenalice.com/game.php?id=950804"]
[Date "2011.6.16"]
[Round "2"]
[White "matadourodepeixes"]
[Black "gmvilela"]
[Result "1-0"]
[WhiteElo "2183"]
[BlackElo "2179"]

1. c4 e5 2. Nf3 e4 3. Nd4 Nc6 4. Nf5 d6 5. Ng3 Nf6 6. Nc3 Be6 7. e3 d5 8. Qb3
Bb4 9. cxd5 Nxd5 10. Bc4 Bxc3 11. bxc3 O-O 12. Qb5 a6 13. Qc5 Ne5 14. Be2 f5 15.
Ba3 Nd7 16. Qd4 Rf6 17. c4 Ne7 18. Nh5 Rg6 19. Nf4 Rh6 20. Bb2 1-0

[Event "AUTO-MASTER-1058"]
[Site "http://www.queenalice.com/game.php?id=950805"]
[Date "2011.6.16"]
[Round "2"]
[White "gmvilela"]
[Black "matadourodepeixes"]
[Result "0-1"]
[WhiteElo "2165"]
[BlackElo "2195"]

1. e4 c6 2. d4 d5 3. exd5 cxd5 4. c4 Nf6 5. Nc3 e6 6. Nf3 Nbd7 7. c5 a6 8. b4
Ne4 9. Bb2 Nxc3 10. Bxc3 Be7 11. Bd3 Bf6 12. O-O O-O 13. Re1 g6 14. Rc1 Bg7 15.
a4 Qc7 16. Qb3 Nf6 17. b5 axb5 18. axb5 Bd7 19. Bb4 Rfc8 20. Ra1 Ne4 21. b6 Qf4
22. Ra7 Bc6 23. Rea1 Rab8 24. Bf1 Bxd4 25. Nxd4 Qxf2+ 26. Kh1 Qxd4 0-1